Journal of macromarketing.

Bibliographic Details
Corporate Author: University of Colorado Boulder. Business Research Division
Format: Journal
Language:English
Published: Boulder, Colo. : Business Research Division, Graduate School of Business Administration, University of Colorado, [1981-]
Subjects:
Online Availability: Check for online availability

MARC

Tag First Indicator Second Indicator Subfields
LEADER 00000cas a2200000 a 4500
001 in00000088668
005 20151008065205.0
008 810408c19819999coufr1p 0 a0eng d
010 |a  81643778   |z sn 81000865  
012 |a 3  |b 3  |i 8408  |j 0  |k 1  |l 1 
022 0 |a 0276-1467 
035 |a (OCoLC)ocm07317157 
035 |a (OCoLC)07317157 
035 |9 AAK5514AM 
037 |b Business Research Division, 307 College of Business, University of Colorado, Campus Box 420, Boulder, CO 80309 
040 |a NSD  |c NSD  |d DLC  |d NSD  |d DLC  |d NST  |d AIP  |d NSD  |d NST  |d PIT  |d NST  |d EBZ  |d NST  |d OCL  |d GUA  |d OCLCQ  |d UtOrBLW 
042 |a nsdp  |a lc 
049 |a TXAM 
050 0 0 |a HF5410  |b .J68 
082 0 |a 658.8/02 
210 0 |a J. macromark. 
222 0 |a Journal of macromarketing 
245 0 0 |a Journal of macromarketing. 
246 3 0 |a Macromarketing 
264 1 |a Boulder, Colo. :  |b Business Research Division, Graduate School of Business Administration, University of Colorado,  |c [1981-] 
300 |a volumes ;  |c 28 cm. 
310 |a Semiannual 
336 |a text  |b txt  |2 rdacontent 
337 |a unmediated  |b n  |2 rdamedia 
338 |a volume  |b nc  |2 rdacarrier 
362 0 |a Vol. 1, no. 1 (spring 1981)- 
500 |a Title from cover. 
530 |a Also available via World Wide Web;  |b OCLC FirstSearch Electronic Collections Online;  |c Subscription required for access to abstracts and full text. 
650 0 |a Marketing  |x Social aspects  |v Periodicals. 
710 2 |a University of Colorado Boulder.  |b Business Research Division. 
776 1 |t Journal of macromarketing (Online)  |w (OCoLC)43290914 
850 |a AU  |a AzU  |a CLSU  |a CLU  |a CStclU  |a CU  |a CU-Riv  |a CaAEU  |a CaBVaS  |a CaNBFU  |a CaNSHD  |a CaOLU  |a CaOPAL  |a CaOSuL  |a CaOTU  |a CaOWA  |a CaSSU  |a CoFS  |a CoU  |a CtY-SSE  |a DGW  |a DLC  |a DeU  |a FU  |a GASU  |a GAT  |a GEU  |a ICarbS  |a INS  |a IaAS  |a IaU  |a InU  |a KMK  |a KU  |a KyU  |a LU  |a MChB  |a MH-BA  |a MdU  |a MiEM  |a MnU  |a MoSU  |a MoSW  |a MoU  |a MsSM  |a MsU  |a NN  |a NNC  |a NSyU  |a NcRS  |a NcU  |a NhD-BE  |a NjR  |a NmU  |a NvU  |a OCU  |a OU  |a OrCS  |a OrU  |a PBL  |a PPD  |a PPiU  |a PPPCPh  |a PPT  |a PU-W  |a ScU  |a TxArU  |a TxCM  |a TxLT  |a TxU  |a ULA  |a UU  |a ViBlbV  |a ViU  |a WaU  |a WvU  |a WyU 
891 2 0 |9 853  |8 1  |a v.  |b no.  |u 2  |v r  |i (year)  |j (season)  |w f  |x 21  |y ps21,23 
891 4 1 |9 863  |8 1.1  |a <18>  |b <2>  |i <1998>  |j <23> 
891 2 0 |9 853  |8 2  |a v.  |b no.  |u 2  |v r  |i (year)  |j (month)  |w f  |x 06  |y pm06,12 
891 4 1 |9 863  |8 2.1  |a <21>  |b <1>  |i <2001>  |j <06> 
936 |a spring 1981 
949 |a AM_DB_MFHD URL added  |b h  |c 2003/10/31  |d c  |e rstovall5  |f 11:00:06 am 
994 |a E0  |b TXA 
999 |a MARS 
999 f f |s 44461f98-ff59-3ad7-af22-2672b3920435  |i 8a97f734-4beb-3296-9dd1-767bffd7c3c6  |t 0 
952 f f |p ric  |a Texas A&M University  |b Rellis Campus  |c Joint Library Facility  |d Remote Storage  |t 0  |e HF5410 .J68  |h Library of Congress classification  |i unmediated -- volume  |k v.24:no.1  |l 2004:June  |m A14833428705 
952 f f |p ric  |a Texas A&M University  |b Rellis Campus  |c Joint Library Facility  |d Remote Storage  |t 0  |e HF5410 .J68  |h Library of Congress classification  |i unmediated -- volume  |k v.22-23  |l 2002-2003  |m A14832197547 
952 f f |p ric  |a Texas A&M University  |b Rellis Campus  |c Joint Library Facility  |d Remote Storage  |t 0  |e HF5410 .J68  |h Library of Congress classification  |i unmediated -- volume  |k v.10 -v.11  |l 1990-1991/1992  |m A14816076040 
952 f f |p ric  |a Texas A&M University  |b Rellis Campus  |c Joint Library Facility  |d Remote Storage  |t 0  |e HF5410 .J68  |h Library of Congress classification  |i unmediated -- volume  |k v.18-19  |l 1998-1999  |m A14827265597 
952 f f |p ric  |a Texas A&M University  |b Rellis Campus  |c Joint Library Facility  |d Remote Storage  |t 0  |e HF5410 .J68  |h Library of Congress classification  |i unmediated -- volume  |k v.16 -v.17  |l 1996-1997  |m A14823501674 
952 f f |p ric  |a Texas A&M University  |b Rellis Campus  |c Joint Library Facility  |d Remote Storage  |t 0  |e HF5410 .J68  |h Library of Congress classification  |i unmediated -- volume  |k v.2 -v.4  |l 1982-1984  |m A14818758923 
952 f f |p ric  |a Texas A&M University  |b Rellis Campus  |c Joint Library Facility  |d Remote Storage  |t 0  |e HF5410 .J68  |h Library of Congress classification  |i unmediated -- volume  |k v.8 -v.9  |l 1988-1989  |m A14812869483 
952 f f |p ric  |a Texas A&M University  |b Rellis Campus  |c Joint Library Facility  |d Remote Storage  |t 0  |e HF5410 .J68  |h Library of Congress classification  |i unmediated -- volume  |k v.12 -v.13  |l 1992-1993  |m A14818769364 
952 f f |p ric  |a Texas A&M University  |b Rellis Campus  |c Joint Library Facility  |d Remote Storage  |t 0  |e HF5410 .J68  |h Library of Congress classification  |i unmediated -- volume  |k v.20-21  |l 2000-2001  |m A14829295467 
952 f f |p ric  |a Texas A&M University  |b Rellis Campus  |c Joint Library Facility  |d Remote Storage  |t 0  |e HF5410 .J68  |h Library of Congress classification  |i unmediated -- volume  |k v.5 -v.7  |l 1985-1987  |m A14811433742 
952 f f |p ric  |a Texas A&M University  |b Rellis Campus  |c Joint Library Facility  |d Remote Storage  |t 0  |e HF5410 .J68  |h Library of Congress classification  |i unmediated -- volume  |k v.14 -v.15  |l 1994-1995  |m A14820720889 
998 f f |a HF5410 .J68  |s v.24:no.1 (2004:June)  |t 0  |l Remote Storage